Mixed Word: Movie Titles IV Quiz Stats

 Plays Quiz Updated Apr 1, 2013

Support Sporcle.
Go Orange.
Score 0/14 Timer 03:00
0 Plays Today
Hint Answer % Correct
RAST RAWSStar Wars
97%
EMOH ONELAHome Alone
95.7%
RUET SLEITrue Lies
92.9%
STAC WAYACast Away
90%
TYTERP ANMOWPretty Woman
88.3%
HET NINGISHThe Shining
87%
DLEIF FO SMAEDRField Of Dreams
86.9%
Hint Answer % Correct
SERETH ETHNIGSMO UTOBA RYMAThere's Something About Mary
85.7%
CERUB MIHGYTALBruce Almighty
80.9%
MINALA SEUHOAnimal House
77.3%
SIMSOIN POSMIBLIESMission: Impossible
75.6%
RLEAP BORRAHPearl Harbor
72.4%
NVESE MURAISASeven Samurai
71.4%
IENODN KORADDonnie Darko
56%

From the Vault

Indigo-Themed Trivia

by tim_parr

Can someone explain how indigo is different from blue?
Remove Ads.
Support Sporcle.
Get the best of Sporcle when you Go Orange. This ad-free experience offers more features, more stats, and more fun while also helping to support Sporcle. Thank you for becoming a member.

Show Comments

Extras

Top Quizzes Today


Score Distribution

Your Account Isn't Verified!

In order to create a playlist on Sporcle, you need to verify the email address you used during registration. Go to your Sporcle Settings to finish the process.

Report this User

Report this user for behavior that violates our Community Guidelines.

Details: